00387 2200157 4500001002100000005001500021035002000036245003600056100001600092300001700108260004800125082000800173084001400181020002200195990001200217INLIS00000000000188720250519075842 a0010-05250001791 aSuper Darling! 2 /cAya Shouoto0 aAya Shouoto c11,5 x 17 cm aJakarta :bPT. Elex Media Komputindo,c2012 a700 a700 AYA s a978-602-02-8267-1 a0754830